000 00283nam a22001337a 4500
008 180316b xxu||||| |||| 00| 0 eng d
020 _a9780521450935
041 _aeng
080 _a7
100 _a44
101 _aart
245 _agerman paintings
_chand.j.o
942 _2udc
_cBK
999 _c45277
_d45277